Caribbean Islands - Sudden Death - Statistics

General Stats
  • This quiz has been taken 142 times
  • The average score is 10 of 18
Answers on the Grid
Answers color-coded by a green-red scale on the quiz's grid according to % correct below.
Cuba
Jamaica
Barbados
St. Lucia
Key West
Grand Bahama
Bermuda
Montserrat
Anguilla
Barbuda
Aruba
Sint Eustatius
Saint Croix
San Andrés
Navassa Island
Guadeloupe
Roatán
Mallorca
Madeira
Luzon
Flores
St Helena
Tristan da Cunha
Jeju
Clipperton Island
Tahiti
Bali
Mauritius
Tenerife
Gonâve Island
Hispaniola
Ellesmere Island
 
Answer Stats
Answer % Correct
Barbados
75%
Cuba
75%
Jamaica
73%
St. Lucia
72%
Aruba
71%
Hispaniola
64%
Montserrat
62%
Anguilla
61%
Barbuda
61%
Guadeloupe
60%
Grand Bahama
58%
Saint Croix
47%
Sint Eustatius
40%
Key West
37%
Gonâve Island
27%
San Andrés
27%
Navassa Island
25%
Roatán
22%
No matching quizzes found
Score Distribution
Percent of People with Each Score
Percentile by Number Answered
Your Score History
You have not taken this quiz